000 00377pab a2200157 454500
008 180718b1999 xxu||||| |||| 00| 0 eng d
100 _aManu, Patrick
245 _aTotal quality management in education
260 _c1999
300 _ap.1-3
362 _a9 Aug
650 _aTotal quality management
650 _aEducation
773 _aUniversity News
909 _a41870
999 _c41870
_d41870